ZNANE MARKI PIWA ZWIĄZANE Z PIŁKĄ - Statystyki

Ogólne statystyki
  • Ten quiz został rozwiązany 130 razy
  • Średni wynik to 4 z 6
Statystyki odpowiedzi
Odpowiedź % Poprawnych
TYSKIE
81%
LECH
70%
HEINEKEN
69%
WARKA
63%
ŻYWIEC
58%
OKOCIM
33%
Nie znaleziono quizów pasujących do podanych kryteriów
Rozkład punktacji
Procent ludzi z każdym wynikiem
Percentyl według liczby udzielonych odpowiedzi
Twoja historia wyników
Nie rozwiązałeś tego quizu